[Event "European Chess Club Cup 2023"]
[Site "Durres, Albania"]
[Date "2023.10.05"]
[Round "5.44"]
[White "Otte, Marijn"]
[Black "Salles, Louis"]
[Result "0-1"]
[TimeControl "90' + 30' & 30\""]
[WhiteElo "2154"]
[BlackElo "2318"]

1. e4 {[%clk 01:30:27]} {[%emt 00:00:32]} c5 {[%clk 01:30:55]} {[%emt
00:00:06]} 2. Nf3 {[%clk 01:30:54]} {[%emt 00:00:04]} d6 {[%clk 01:31:19]}
{[%emt 00:00:05]} 3. d4 {[%clk 01:31:20]} {[%emt 00:00:03]} cxd4 {[%clk
01:31:43]} {[%emt 00:00:07]} 4. Nxd4 {[%clk 01:31:47]} {[%emt 00:00:02]} Nf6
{[%clk 01:32:05]} {[%emt 00:00:09]} 5. Nc3 {[%clk 01:32:14]} {[%emt 00:00:03]}
a6 {[%clk 01:32:29]} {[%emt 00:00:06]} 6. Bg5 {[%clk 01:32:41]} {[%emt
00:00:03]} e6 {[%clk 01:32:53]} {[%emt 00:00:06]} 7. f4 {[%clk 01:33:08]}
{[%emt 00:00:03]} Be7 {[%clk 01:33:16]} {[%emt 00:00:07]} 8. Qf3 {[%clk
01:33:32]} {[%emt 00:00:04]} Qc7 {[%clk 01:33:39]} {[%emt 00:00:08]} 9. O-O-O
{[%clk 01:33:56]} {[%emt 00:00:05]} Nbd7 {[%clk 01:33:40]} {[%emt 00:00:31]} 10.
g4 {[%clk 01:34:19]} {[%emt 00:00:07]} b5 {[%clk 01:33:50]} {[%emt 00:00:20]}
11. Bxf6 {[%clk 01:34:42]} {[%emt 00:00:06]} Nxf6 {[%clk 01:34:14]} {[%emt
00:00:06]} 12. g5 {[%clk 01:35:07]} {[%emt 00:00:06]} Nd7 {[%clk 01:34:38]}
{[%emt 00:00:05]} 13. f5 {[%clk 01:35:32]} {[%emt 00:00:06]} O-O {[%clk
01:34:45]} {[%emt 00:00:23]} 14. Rg1 {[%clk 01:28:43]} {[%emt 00:07:18]} b4
{[%clk 01:34:02]} {[%emt 00:01:13]} 15. Nce2 {[%clk 01:28:53]} {[%emt
00:00:20]} e5 {[%clk 01:33:05]} {[%emt 00:01:27]} 16. Nb3 {[%clk 01:29:04]}
{[%emt 00:00:19]} f6 {[%clk 01:32:18]} {[%emt 00:01:17]} 17. gxf6 {[%clk
01:25:36]} {[%emt 00:04:00]} Nxf6 {[%clk 01:25:24]} {[%emt 00:07:23]} 18. Ng3
{[%clk 01:22:41]} {[%emt 00:03:25]} a5 {[%clk 01:15:07]} {[%emt 00:10:46]} 19.
Nd2 {[%clk 01:12:21]} {[%emt 00:10:50]} Ba6 {[%clk 01:07:10]} {[%emt 00:08:27]}
20. Bxa6 {[%clk 00:58:54]} {[%emt 00:13:58]} Rxa6 {[%clk 01:07:24]} {[%emt
00:00:16]} 21. Qb3+ {[%clk 00:44:17]} {[%emt 00:15:06]} Kh8 {[%clk 00:57:55]}
{[%emt 00:09:59]} 22. Nc4 {[%clk 00:42:41]} {[%emt 00:02:06]} a4 {[%clk
00:47:13]} {[%emt 00:11:13]} 23. Qd3 {[%clk 00:39:35]} {[%emt 00:03:36]} Rc8
{[%clk 00:39:02]} {[%emt 00:08:41]} 24. Ne3 {[%clk 00:39:50]} {[%emt 00:00:14]}
Rc6 {[%clk 00:36:09]} {[%emt 00:03:24]} 25. Rg2 {[%clk 00:38:37]} {[%emt
00:01:43]} Qb6 {[%clk 00:29:24]} {[%emt 00:07:14]} 26. Kb1 {[%clk 00:14:44]}
{[%emt 00:24:23]} Rc3 {[%clk 00:26:54]} {[%emt 00:03:01]} 0-1

[Event "European Chess Club Cup 2023"]
[Site "Durres, Albania"]
[Date "2023.10.05"]
[Round "5.45"]
[White "Cahen, Alexis"]
[Black "Boogaard, Sander"]
[Result "1-0"]
[TimeControl "90' + 30' & 30\""]
[WhiteElo "2049"]
[BlackElo "2118"]

1. d4 {[%clk 01:30:54]} {[%emt 00:00:04]} Nf6 {[%clk 01:30:48]} {[%emt
00:00:13]} 2. c4 {[%clk 01:31:18]} {[%emt 00:00:06]} e6 {[%clk 01:31:07]}
{[%emt 00:00:11]} 3. Nf3 {[%clk 01:29:40]} {[%emt 00:02:07]} c5 {[%clk
01:31:15]} {[%emt 00:00:22]} 4. d5 {[%clk 01:28:14]} {[%emt 00:01:56]} b5
{[%clk 01:31:10]} {[%emt 00:00:36]} 5. a4 {[%clk 01:25:22]} {[%emt 00:03:22]}
b4 {[%clk 01:19:08]} {[%emt 00:12:32]} 6. Nbd2 {[%clk 01:15:44]} {[%emt
00:10:08]} exd5 {[%clk 01:18:48]} {[%emt 00:00:50]} 7. cxd5 {[%clk 01:15:54]}
{[%emt 00:00:20]} d6 {[%clk 01:05:12]} {[%emt 00:14:06]} 8. e4 {[%clk
01:13:38]} {[%emt 00:02:45]} Be7 {[%clk 01:04:21]} {[%emt 00:01:22]} 9. Bb5+
{[%clk 01:11:07]} {[%emt 00:03:00]} Bd7 {[%clk 01:02:03]} {[%emt 00:02:48]} 10.
Bd3 {[%clk 01:11:14]} {[%emt 00:00:24]} Bg4 {[%clk 01:01:25]} {[%emt 00:01:08]}
11. b3 {[%clk 01:04:39]} {[%emt 00:07:05]} O-O {[%clk 00:59:58]} {[%emt
00:01:57]} 12. Bb2 {[%clk 01:04:25]} {[%emt 00:00:43]} Nfd7 {[%clk 00:59:22]}
{[%emt 00:01:06]} 13. Nc4 {[%clk 00:59:30]} {[%emt 00:05:25]} Bf6 {[%clk
00:59:33]} {[%emt 00:00:20]} 14. Ra2 {[%clk 00:58:10]} {[%emt 00:01:49]} Bxb2
{[%clk 00:41:48]} {[%emt 00:18:17]} 15. Rxb2 {[%clk 00:58:26]} {[%emt
00:00:13]} Qf6 {[%clk 00:42:05]} {[%emt 00:00:12]} 16. h3 {[%clk 00:52:18]}
{[%emt 00:06:38]} Bxf3 {[%clk 00:41:11]} {[%emt 00:01:26]} 17. Qxf3 {[%clk
00:49:33]} {[%emt 00:03:15]} Qc3+ {[%clk 00:41:33]} {[%emt 00:00:07]} 18. Rd2
{[%clk 00:48:02]} {[%emt 00:02:02]} Ne5 {[%clk 00:41:51]} {[%emt 00:00:12]} 19.
Nxe5 {[%clk 00:46:46]} {[%emt 00:01:45]} Qxe5 {[%clk 00:42:15]} {[%emt
00:00:06]} 20. O-O {[%clk 00:45:27]} {[%emt 00:01:48]} Nd7 {[%clk 00:38:53]}
{[%emt 00:03:53]} 21. Bb5 {[%clk 00:41:35]} {[%emt 00:04:23]} Nf6 {[%clk
00:37:23]} {[%emt 00:02:00]} 22. Re1 {[%clk 00:41:47]} {[%emt 00:00:18]} a6
{[%clk 00:31:06]} {[%emt 00:06:47]} 23. Bc6 {[%clk 00:41:15]} {[%emt 00:01:02]}
Ra7 {[%clk 00:31:31]} {[%emt 00:00:04]} 24. Qe3 {[%clk 00:37:48]} {[%emt
00:03:57]} Nh5 {[%clk 00:21:57]} {[%emt 00:10:03]} 25. g3 {[%clk 00:36:45]}
{[%emt 00:01:35]} g5 {[%clk 00:20:47]} {[%emt 00:01:39]} 26. Rf1 {[%clk
00:32:36]} {[%emt 00:04:39]} Re7 {[%clk 00:12:40]} {[%emt 00:08:37]} 27. Re2
{[%clk 00:32:43]} {[%emt 00:00:23]} Kh8 {[%clk 00:12:01]} {[%emt 00:01:09]} 28.
Kh2 {[%clk 00:13:42]} {[%emt 00:19:32]} Rg8 {[%clk 00:12:03]} {[%emt 00:00:28]}
29. a5 {[%clk 00:11:20]} {[%emt 00:02:52]} Nf6 {[%clk 00:09:37]} {[%emt
00:02:55]} 30. Rfe1 {[%clk 00:09:35]} {[%emt 00:02:15]} Rg6 {[%clk 00:07:38]}
{[%emt 00:02:30]} 31. f4 {[%clk 00:06:35]} {[%emt 00:03:31]} gxf4 {[%clk
00:08:02]} {[%emt 00:00:05]} 32. Qxf4 {[%clk 00:06:58]} {[%emt 00:00:07]} Qd4
{[%clk 00:04:24]} {[%emt 00:04:09]} 33. e5 {[%clk 00:03:59]} {[%emt 00:03:29]}
Rxe5 {[%clk 00:01:41]} {[%emt 00:03:13]} 34. Rxe5 {[%clk 00:04:21]} {[%emt
00:00:08]} dxe5 {[%clk 00:01:47]} {[%emt 00:00:24]} 35. Qxd4 {[%clk 00:04:38]}
{[%emt 00:00:12]} exd4 {[%clk 00:01:08]} {[%emt 00:01:09]} 36. d6 {[%clk
00:02:51]} {[%emt 00:02:18]} Kg7 {[%clk 00:00:42]} {[%emt 00:00:55]} 37. d7
{[%clk 00:01:24]} {[%emt 00:01:58]} Nxd7 {[%clk 00:00:50]} {[%emt 00:00:22]} 38.
Bxd7 {[%clk 00:01:53]} d3 {[%clk 00:00:39]} {[%emt 00:00:40]} 39. Rd1 {[%clk
00:00:37]} {[%emt 00:01:45]} Rd6 {[%clk 00:00:37]} {[%emt 00:00:33]} 40. Bf5
{[%clk 00:00:36]} {[%emt 00:00:31]} d2 {[%clk 00:00:53]} {[%emt 00:00:14]} 41.
Kg2 {[%clk 00:26:26]} {[%emt 00:04:39]} Rd4 {[%clk 00:30:02]} {[%emt 00:01:22]}
42. Kf3 {[%clk 00:19:47]} {[%emt 00:07:09]} c4 {[%clk 00:28:13]} {[%emt
00:02:19]} 43. Ke3 {[%clk 00:16:41]} {[%emt 00:03:36]} Rd5 {[%clk 00:26:04]}
{[%emt 00:02:39]} 44. Be4 {[%clk 00:15:32]} {[%emt 00:01:39]} Rxa5 {[%clk
00:23:26]} {[%emt 00:03:08]} 45. bxc4 {[%clk 00:15:56]} {[%emt 00:00:06]} f5
{[%clk 00:17:04]} {[%emt 00:06:52]} 46. Bd3 {[%clk 00:15:09]} {[%emt 00:01:17]}
Ra2 {[%clk 00:13:35]} {[%emt 00:03:59]} 47. Rxd2 {[%clk 00:14:17]} {[%emt
00:01:22]} f4+ {[%clk 00:12:38]} {[%emt 00:01:27]} 48. gxf4 {[%clk 00:14:34]}
{[%emt 00:00:13]} b3 {[%clk 00:13:04]} {[%emt 00:00:04]} 49. Bb1 {[%clk
00:13:59]} {[%emt 00:01:04]} Ra3 {[%clk 00:10:50]} {[%emt 00:02:45]} 50. Kd4
{[%clk 00:13:50]} {[%emt 00:00:39]} Kf6 {[%clk 00:10:51]} {[%emt 00:00:30]} 51.
Rb2 {[%clk 00:12:48]} {[%emt 00:01:31]} a5 {[%clk 00:10:44]} {[%emt 00:00:36]}
52. Bxh7 {[%clk 00:11:53]} {[%emt 00:01:26]} a4 {[%clk 00:11:04]} {[%emt
00:00:10]} 53. Kc3 {[%clk 00:08:51]} {[%emt 00:03:32]} Ra1 {[%clk 00:11:17]}
{[%emt 00:00:16]} 54. Rb1 {[%clk 00:08:31]} {[%emt 00:00:51]} Ra2 {[%clk
00:11:08]} {[%emt 00:00:39]} 55. Kb4 {[%clk 00:07:10]} {[%emt 00:01:51]} Ke7
{[%clk 00:08:58]} {[%emt 00:02:40]} 56. c5 {[%clk 00:07:00]} {[%emt 00:00:40]}
Kd8 {[%clk 00:07:34]} {[%emt 00:01:54]} 57. Bg8 {[%clk 00:05:59]} {[%emt
00:01:31]} Kc7 {[%clk 00:07:36]} {[%emt 00:00:28]} 58. Bd5 {[%clk 00:05:18]}
{[%emt 00:01:11]} Rd2 {[%clk 00:07:28]} {[%emt 00:00:37]} 59. Bc4 {[%clk
00:04:24]} {[%emt 00:01:24]} Rd4 {[%clk 00:07:17]} {[%emt 00:00:41]} 60. Kxa4
{[%clk 00:01:47]} {[%emt 00:03:08]} Rxc4+ {[%clk 00:07:33]} {[%emt 00:00:14]}
61. Kb5 {[%clk 00:01:59]} {[%emt 00:00:19]} Rc3 {[%clk 00:06:58]} {[%emt
00:01:04]} 62. Kb4 {[%clk 00:01:54]} {[%emt 00:00:37]} Rxh3 {[%clk 00:07:06]}
{[%emt 00:00:20]} 63. Rxb3 {[%clk 00:02:20]} {[%emt 00:00:04]} Rh4 {[%clk
00:06:30]} {[%emt 00:01:07]} 64. Rf3 {[%clk 00:02:49]} Kc6 {[%clk 00:06:55]}
{[%emt 00:00:04]} 65. Kc4 {[%clk 00:03:16]} {[%emt 00:00:03]} Rh5 {[%clk
00:06:10]} {[%emt 00:01:15]} 66. Kd4 {[%clk 00:03:28]} {[%emt 00:00:18]} Rxc5
{[%clk 00:05:06]} {[%emt 00:01:35]} 67. Ra3 {[%clk 00:02:23]} {[%emt 00:01:35]}
Rc1 {[%clk 00:05:04]} {[%emt 00:00:32]} 68. Ke5 {[%clk 00:02:15]} {[%emt
00:00:36]} Kd7 {[%clk 00:05:19]} {[%emt 00:00:17]} 69. Kf6 {[%clk 00:01:55]}
{[%emt 00:00:49]} Rc6+ {[%clk 00:04:44]} {[%emt 00:01:05]} 70. Kf7 {[%clk
00:02:00]} {[%emt 00:00:25]} Rc5 {[%clk 00:05:02]} {[%emt 00:00:13]} 71. Rd3+
{[%clk 00:02:24]} {[%emt 00:00:06]} Kc6 {[%clk 00:05:24]} {[%emt 00:00:08]} 72.
Ke6 {[%clk 00:02:26]} {[%emt 00:00:27]} Rc1 {[%clk 00:05:19]} {[%emt 00:00:35]}
73. f5 {[%clk 00:02:09]} {[%emt 00:00:47]} Re1 {[%clk 00:05:37]} {[%emt
00:00:13]} 74. Kf7 {[%clk 00:02:33]} {[%emt 00:00:05]} Rf1 {[%clk 00:05:29]}
{[%emt 00:00:39]} 75. f6 {[%clk 00:03:02]} Rf2 {[%clk 00:05:51]} {[%emt
00:00:07]} 76. Ke7 {[%clk 00:03:08]} {[%emt 00:00:24]} Re2+ {[%clk 00:06:14]}
{[%emt 00:00:08]} 77. Kf8 {[%clk 00:03:34]} {[%emt 00:00:04]} Rf2 {[%clk
00:06:38]} {[%emt 00:00:06]} 78. f7 {[%clk 00:03:41]} {[%emt 00:00:22]} Rf4
{[%clk 00:06:02]} {[%emt 00:01:06]} 79. Rg3 {[%clk 00:03:23]} {[%emt 00:00:48]}
1-0

[Event "European Chess Club Cup 2023"]
[Site "Durres, Albania"]
[Date "2023.10.05"]
[Round "5.46"]
[White "Van De Lagemaat, Arend"]
[Black "Gengler, Pierre"]
[Result "0-1"]
[TimeControl "90' + 30' & 30\""]
[WhiteElo "2034"]
[BlackElo "2130"]

1. d4 {[%clk 01:30:54]} {[%emt 00:00:06]} Nf6 {[%clk 01:30:53]} {[%emt
00:00:07]} 2. Nf3 {[%clk 01:31:15]} {[%emt 00:00:09]} g6 {[%clk 01:31:18]}
{[%emt 00:00:05]} 3. g3 {[%clk 01:31:38]} {[%emt 00:00:07]} Bg7 {[%clk
01:31:45]} {[%emt 00:00:03]} 4. Bg2 {[%clk 01:32:03]} {[%emt 00:00:05]} O-O
{[%clk 01:32:10]} {[%emt 00:00:04]} 5. O-O {[%clk 01:32:29]} {[%emt 00:00:04]}
d6 {[%clk 01:32:33]} {[%emt 00:00:08]} 6. b3 {[%clk 01:32:47]} {[%emt
00:00:12]} c5 {[%clk 01:32:43]} {[%emt 00:00:20]} 7. Bb2 {[%clk 01:33:11]}
{[%emt 00:00:06]} cxd4 {[%clk 01:32:18]} {[%emt 00:00:55]} 8. Nxd4 {[%clk
01:33:28]} {[%emt 00:00:13]} d5 {[%clk 01:32:24]} {[%emt 00:00:24]} 9. c4
{[%clk 01:33:34]} {[%emt 00:00:24]} dxc4 {[%clk 01:32:50]} {[%emt 00:00:04]} 10.
bxc4 {[%clk 01:33:58]} {[%emt 00:00:06]} Qb6 {[%clk 01:33:06]} {[%emt
00:00:14]} 11. Qc1 {[%clk 01:33:37]} {[%emt 00:00:51]} Ng4 {[%clk 01:29:06]}
{[%emt 00:04:30]} 12. c5 {[%clk 01:19:55]} {[%emt 00:14:12]} Qa6 {[%clk
01:20:23]} {[%emt 00:09:13]} 13. h3 {[%clk 01:13:15]} {[%emt 00:07:10]} Ne5
{[%clk 01:18:01]} {[%emt 00:02:51]} 14. Nd2 {[%clk 01:10:07]} {[%emt 00:03:38]}
Nbc6 {[%clk 01:16:54]} {[%emt 00:01:37]} 15. N2b3 {[%clk 01:10:12]} {[%emt
00:00:25]} Bd7 {[%clk 01:14:01]} {[%emt 00:03:24]} 16. Rd1 {[%clk 00:56:30]}
{[%emt 00:14:11]} Nxd4 {[%clk 01:13:14]} {[%emt 00:01:18]} 17. Nxd4 {[%clk
00:56:36]} {[%emt 00:00:24]} Ba4 {[%clk 01:13:29]} {[%emt 00:00:14]} 18. Re1
{[%clk 00:50:52]} {[%emt 00:06:15]} Rac8 {[%clk 01:09:06]} {[%emt 00:04:51]} 19.
Rb1 {[%clk 00:48:22]} {[%emt 00:03:00]} b6 {[%clk 01:07:02]} {[%emt 00:02:36]}
20. c6 {[%clk 00:42:00]} {[%emt 00:06:51]} Nc4 {[%clk 01:06:26]} {[%emt
00:01:05]} 21. Ba1 {[%clk 00:37:22]} {[%emt 00:05:08]} e5 {[%clk 01:06:35]}
{[%emt 00:00:21]} 22. Bd5 {[%clk 00:37:08]} {[%emt 00:00:45]} Na5 {[%clk
01:02:21]} {[%emt 00:04:44]} 23. Qa3 {[%clk 00:36:24]} {[%emt 00:01:14]} b5
{[%clk 00:57:59]} {[%emt 00:04:52]} 24. Nb3 {[%clk 00:32:38]} {[%emt 00:04:16]}
Bxb3 {[%clk 00:57:26]} {[%emt 00:01:03]} 25. axb3 {[%clk 00:31:34]} {[%emt
00:01:34]} Qb6 {[%clk 00:57:38]} {[%emt 00:00:17]} 26. b4 {[%clk 00:22:54]}
{[%emt 00:09:11]} Nxc6 {[%clk 00:56:52]} {[%emt 00:01:16]} 27. e3 {[%clk
00:22:31]} {[%emt 00:00:53]} Ne7 {[%clk 00:56:57]} {[%emt 00:00:25]} 28. Be4
{[%clk 00:18:52]} {[%emt 00:04:09]} Rc4 {[%clk 00:53:21]} {[%emt 00:04:06]} 29.
Bd3 {[%clk 00:18:47]} {[%emt 00:00:36]} Rc7 {[%clk 00:53:32]} {[%emt 00:00:18]}
30. Rbd1 {[%clk 00:18:20]} {[%emt 00:00:57]} Rfc8 {[%clk 00:53:13]} {[%emt
00:00:49]} 31. Rd2 {[%clk 00:16:06]} {[%emt 00:02:44]} Rd8 {[%clk 00:48:42]}
{[%emt 00:05:01]} 32. Ra2 {[%clk 00:14:50]} {[%emt 00:01:46]} Rcd7 {[%clk
00:48:30]} {[%emt 00:00:41]} 33. Be2 {[%clk 00:13:47]} {[%emt 00:01:34]} Nf5
{[%clk 00:45:11]} {[%emt 00:03:49]} 34. Kg2 {[%clk 00:10:39]} {[%emt 00:03:38]}
Nd6 {[%clk 00:44:34]} {[%emt 00:01:07]} 35. Qa6 {[%clk 00:09:49]} {[%emt
00:01:20]} Qb8 {[%clk 00:41:48]} {[%emt 00:03:15]} 36. Ra5 {[%clk 00:07:15]}
{[%emt 00:03:05]} Qa8+ {[%clk 00:40:11]} {[%emt 00:02:07]} 37. Bf3 {[%clk
00:06:22]} {[%emt 00:01:23]} e4 {[%clk 00:40:35]} {[%emt 00:00:06]} 38. Bg4
{[%clk 00:06:00]} {[%emt 00:00:52]} Rc7 {[%clk 00:38:36]} {[%emt 00:02:29]} 39.
Bxg7 {[%clk 00:05:41]} {[%emt 00:00:50]} Kxg7 {[%clk 00:38:58]} {[%emt
00:00:07]} 40. Rd1 {[%clk 00:04:38]} {[%emt 00:01:31]} Nc4 {[%clk 00:37:10]}
{[%emt 00:02:19]} 41. Rxb5 {[%clk 00:27:33]} {[%emt 00:07:35]} Rxd1 {[%clk
01:03:41]} {[%emt 00:04:00]} 42. Bxd1 {[%clk 00:27:49]} {[%emt 00:00:14]} Qd8
{[%clk 01:00:07]} {[%emt 00:04:02]} 43. Be2 {[%clk 00:23:34]} {[%emt 00:04:47]}
Nb6 {[%clk 00:53:31]} {[%emt 00:07:06]} 44. Rc5 {[%clk 00:22:37]} {[%emt
00:01:27]} Rd7 {[%clk 00:53:42]} {[%emt 00:00:19]} 45. Re5 {[%clk 00:17:58]}
{[%emt 00:05:07]} Re7 {[%clk 00:53:12]} {[%emt 00:01:01]} 46. Qa1 {[%clk
00:16:06]} {[%emt 00:02:23]} f6 {[%clk 00:52:24]} {[%emt 00:01:18]} 47. Ra5
{[%clk 00:14:19]} {[%emt 00:02:16]} Qc7 {[%clk 00:48:51]} {[%emt 00:04:02]} 48.
Rc5 {[%clk 00:13:45]} {[%emt 00:01:05]} Qd6 {[%clk 00:48:26]} {[%emt 00:00:55]}
49. Qc1 {[%clk 00:13:50]} {[%emt 00:00:25]} Nd7 {[%clk 00:47:51]} {[%emt
00:01:05]} 50. Rc4 {[%clk 00:11:38]} {[%emt 00:02:42]} f5 {[%clk 00:47:53]}
{[%emt 00:00:28]} 51. Qa1+ {[%clk 00:09:21]} {[%emt 00:02:46]} Kh6 {[%clk
00:45:02]} {[%emt 00:03:23]} 52. Qc3 {[%clk 00:07:09]} {[%emt 00:02:41]} Ne5
{[%clk 00:45:15]} {[%emt 00:00:17]} 53. Rc5 {[%clk 00:07:16]} {[%emt 00:00:23]}
Nd3 {[%clk 00:43:11]} {[%emt 00:02:35]} 54. Rc4 {[%clk 00:06:14]} {[%emt
00:01:31]} Ne5 {[%clk 00:42:30]} {[%emt 00:01:11]} 55. Rc5 {[%clk 00:06:35]}
{[%emt 00:00:10]} Nd7 {[%clk 00:39:41]} {[%emt 00:03:19]} 56. Rc6 {[%clk
00:06:22]} {[%emt 00:00:43]} Qe5 {[%clk 00:39:10]} {[%emt 00:00:59]} 57. Qd2
{[%clk 00:05:12]} {[%emt 00:01:36]} Nb6 {[%clk 00:39:12]} {[%emt 00:00:32]} 58.
Qd8 {[%clk 00:04:07]} {[%emt 00:01:36]} Kg7 {[%clk 00:38:51]} {[%emt 00:00:50]}
59. Qd2 {[%clk 00:02:39]} {[%emt 00:01:59]} Rd7 {[%clk 00:37:20]} {[%emt
00:02:02]} 60. Qc2 {[%clk 00:02:59]} {[%emt 00:00:08]} Nd5 {[%clk 00:36:46]}
{[%emt 00:01:06]} 61. Qc4 {[%clk 00:02:36]} {[%emt 00:00:52]} Qb2 {[%clk
00:36:02]} {[%emt 00:01:15]} 62. b5 {[%clk 00:02:06]} {[%emt 00:01:00]} Nb6
{[%clk 00:33:50]} {[%emt 00:02:42]} 63. Qc2 {[%clk 00:02:34]} {[%emt 00:00:01]}
Qxc2 {[%clk 00:33:00]} {[%emt 00:01:21]} 64. Rxc2 {[%clk 00:03:00]} {[%emt
00:00:03]} Kf7 {[%clk 00:33:14]} {[%emt 00:00:16]} 65. g4 {[%clk 00:02:34]}
{[%emt 00:00:56]} Nd5 {[%clk 00:32:48]} {[%emt 00:00:56]} 66. gxf5 {[%clk
00:02:32]} {[%emt 00:00:33]} gxf5 {[%clk 00:33:15]} {[%emt 00:00:02]} 67. Rc6
{[%clk 00:02:14]} {[%emt 00:00:47]} Nb4 {[%clk 00:32:13]} {[%emt 00:01:33]} 68.
Bc4+ {[%clk 00:01:49]} {[%emt 00:00:55]} Kg7 {[%clk 00:32:38]} {[%emt
00:00:05]} 69. Be6 {[%clk 00:01:31]} {[%emt 00:00:48]} Nxc6 {[%clk 00:32:42]}
{[%emt 00:00:26]} 70. Bxd7 {[%clk 00:01:46]} {[%emt 00:00:16]} Ne7 {[%clk
00:33:06]} {[%emt 00:00:05]} 71. Kf1 {[%clk 00:01:42]} {[%emt 00:00:34]} Kf6
{[%clk 00:33:07]} {[%emt 00:00:30]} 72. Ke2 {[%clk 00:01:53]} {[%emt 00:00:18]}
Ng6 {[%clk 00:33:08]} {[%emt 00:00:29]} 73. Bc8 {[%clk 00:01:50]} {[%emt
00:00:33]} Nh4 {[%clk 00:32:55]} {[%emt 00:00:43]} 74. Bd7 {[%clk 00:00:46]}
{[%emt 00:01:34]} Nf3 {[%clk 00:32:53]} {[%emt 00:00:33]} 75. Kf1 {[%clk
00:00:58]} {[%emt 00:00:17]} h5 {[%clk 00:32:40]} {[%emt 00:00:43]} 76. Kg2
{[%clk 00:01:11]} {[%emt 00:00:17]} h4 {[%clk 00:32:56]} {[%emt 00:00:15]} 77.
Kf1 {[%clk 00:01:03]} {[%emt 00:00:36]} Ke5 {[%clk 00:33:20]} {[%emt 00:00:07]}
78. Kg2 {[%clk 00:01:09]} {[%emt 00:00:24]} Ng5 {[%clk 00:33:05]} {[%emt
00:00:45]} 79. Bc8 {[%clk 00:01:12]} {[%emt 00:00:27]} Nf7 {[%clk 00:32:37]}
{[%emt 00:00:57]} 80. Bd7 {[%clk 00:01:16]} {[%emt 00:00:27]} Nd6 {[%clk
00:32:58]} {[%emt 00:00:09]} 81. Kf1 {[%clk 00:00:49]} {[%emt 00:00:56]} Kd5
{[%clk 00:33:24]} {[%emt 00:00:05]} 82. Ke2 {[%clk 00:01:03]} {[%emt 00:00:17]}
Kc4 {[%clk 00:33:07]} {[%emt 00:00:47]} 83. Ke1 {[%clk 00:00:57]} {[%emt
00:00:35]} Kc5 {[%clk 00:30:14]} {[%emt 00:03:24]} 84. Ke2 {[%clk 00:01:13]}
{[%emt 00:00:12]} Kd5 {[%clk 00:30:25]} {[%emt 00:00:20]} 85. f4 {[%clk
00:00:47]} {[%emt 00:00:56]} Kc5 {[%clk 00:30:43]} {[%emt 00:00:12]} 86. Kd2
{[%clk 00:00:58]} {[%emt 00:00:19]} Kb6 {[%clk 00:30:15]} {[%emt 00:00:58]} 87.
Ke2 {[%clk 00:00:46]} {[%emt 00:00:42]} Kc7 {[%clk 00:30:41]} {[%emt 00:00:04]}
88. Be6 {[%clk 00:01:06]} {[%emt 00:00:09]} Kd8 {[%clk 00:31:06]} {[%emt
00:00:05]} 89. Kd2 {[%clk 00:00:54]} {[%emt 00:00:42]} Ke7 {[%clk 00:29:20]}
{[%emt 00:02:18]} 90. Bg8 {[%clk 00:00:53]} {[%emt 00:00:30]} Nxb5 {[%clk
00:29:42]} {[%emt 00:00:08]} 91. Kc2 {[%clk 00:01:13]} {[%emt 00:00:10]} Nd6
{[%clk 00:29:17]} {[%emt 00:00:55]} 92. Kc3 {[%clk 00:00:49]} {[%emt 00:00:54]}
Nf7 {[%clk 00:27:12]} {[%emt 00:02:35]} 93. Kd4 {[%clk 00:00:52]} {[%emt
00:00:28]} Kf6 {[%clk 00:26:36]} {[%emt 00:01:05]} 94. Bh7 {[%clk 00:00:53]}
{[%emt 00:00:29]} Nh6 {[%clk 00:26:51]} {[%emt 00:00:15]} 95. Kd5 {[%clk
00:00:51]} {[%emt 00:00:31]} a5 {[%clk 00:26:57]} {[%emt 00:00:25]} 0-1